Antibiotics and antibiotic resistance /

Detalles Bibliográficos
Autor Principal: Sköld, Ola (Author)
Formato: Libro
Idioma:English
Swedish
Publicado: Hoboken, N.J. : Wiley, c2011.
Subjects:
Classic Catalogue: View this record in Classic Catalogue
LEADER 02577nam a2200469 a 4500
001 44942
003 BD-DhAAL
005 20251015111847.0
008 251015t2011 njua 001 0 eng d
010 |a  2011002200 
020 |a 9780470438503 (cloth) 
020 |a 9781118075609 (eBook) 
020 |a 9781118075586 (ePub) 
035 |a 16617637 
035 |a (DNLM)101551740 
040 |a DNLM/DLC  |c DLC  |d DLC  |d BD-DhAAL 
041 1 |a eng  |h swe 
042 |a pcc 
050 0 0 |a RM267  |b .S55513 2011 
060 1 0 |a QV 350 
082 0 0 |a 615.329  |2 22 
100 1 |a Sköld, Ola,  |e author.  |9 59605 
240 1 0 |a Antibiotika och antibiotikaresistens.  |l English 
245 1 0 |a Antibiotics and antibiotic resistance /  |c Ola Sköld. 
260 |a Hoboken, N.J. :  |b Wiley,  |c c2011. 
300 |a xiv, 207 pages :  |b illustrations ;  |c 24 cm 
500 |a Translation of: Antibiotika och antibiotikaresistens / Olga Sköld. c2006. 
500 |a Includes index. 
526 |a PHR  |x Namara Mariam Chowdhury Senior Lecturer School of Pharmacy BRAC University Course Name : Pharmacology-II (PHR 302) 
541 |a Trim Education  |e 44942, 44943, 44944 
650 0 |a Antibiotics.  |9 59606 
650 0 |a Drug resistance in microorganisms.  |9 59607 
650 1 2 |a Anti-Bacterial Agents.  |9 59608 
650 2 2 |a Drug Resistance, Microbial.  |9 59609 
650 2 2 |a Pharmacy. 
852 |a Ayesha Abed Library  |c General Stacks 
942 |2 ddc  |c BK 
955 |a LCAP batch update 2025-06-01-04:00: LCAPM-644 
999 |c 47560  |d 47560 
952 |0 0  |1 0  |2 ddc  |4 0  |6 615_329000000000000_SKO  |7 0  |9 78357  |a BRACUL  |b BRACUL  |c NEW  |d 2025-10-13  |e Trim Education  |g 6500.00  |l 3  |m 23  |o 615.329 SKO  |p 3010044942  |q 2026-06-02  |r 2026-03-05  |s 2026-03-05  |t 1  |v 13000.00  |w 2025-10-13  |y BK  |x Requisitioned by Namara Mariam Chowdhury (Senior Lecturer, School of Pharmacy, BRAC University) for the course named- 'Pharmacology-II (PHR 302)'. 
952 |0 0  |1 0  |2 ddc  |4 0  |6 615_329000000000000_SKO  |7 0  |9 78358  |a BRACUL  |b BRACUL  |c GEN  |d 2025-10-13  |e Trim Education  |g 6500.00  |l 1  |m 9  |o 615.329 SKO  |p 3010044944  |r 2026-01-19  |s 2025-10-26  |t 3  |v 13000.00  |w 2025-10-13  |y BK  |x Requisitioned by Namara Mariam Chowdhury (Senior Lecturer, School of Pharmacy, BRAC University) for the course named- 'Pharmacology-II (PHR 302)'. 
952 |0 0  |1 0  |2 ddc  |4 0  |6 615_329000000000000_SKO  |7 0  |9 78359  |a BRACUL  |b BRACUL  |c GEN  |d 2025-10-13  |e Trim Education  |g 6500.00  |l 1  |m 10  |o 615.329 SKO  |p 3010044943  |r 2025-12-22  |s 2025-10-29  |t 2  |v 13000.00  |w 2025-10-13  |y BK  |x Requisitioned by Namara Mariam Chowdhury (Senior Lecturer, School of Pharmacy, BRAC University) for the course named- 'Pharmacology-II (PHR 302)'.